Statistiques concernant Espèces de dragons (How to train your dragon)

Cliquez ici pour prendre le quiz!

Statistiques générales

  • Ce quiz a été pris 167 fois
  • Le résultat moyen est 20 sur 66

Statistiques - réponses

ClasseEspèce% Correct
Furie Nocturne
94%
Gronk
80%
EnflammésCauchemar Monstrueux
75%
Furie Éclair
73%
Vipère
70%
Ébouillantueur
60%
Terreur Terrible
58%
Hideux Braguettaure
57%
Razolame
57%
Écrevasse
52%
Mort Rouge
52%
Murmure Mortel
48%
Chant Funeste
47%
Ice Beast
47%
Hurlement Mortel
46%
Verenflamme
43%
Aile de la Mort
42%
Terreur Nocturne
41%
Horreur des Mers
38%
Tronçonnator
38%
Rage des Neiges
37%
Triplattak
37%
Marins / OndeAbysse Mortifère
33%
TraqueursCornebrute
33%
Éclair Nocturne
33%
Artillerie
32%
Éruptodon
31%
Grogne Boiteur
31%
Mille Tonnerres
31%
Vélocidard
31%
Buffleroi
30%
Rôtisseur
30%
Volchemard
30%
FoudroyeursAgrippemort
27%
Sentinelle
27%
Pikpoketos
26%
Serpentaile
25%
Rocailleux / RocheCatastrophique Dévastair
23%
Dramillion
23%
Foudroyant
22%
Typhonmrang
22%
Mystérieux / MystèreAile Blindée
20%
Incrusquatteur
20%
Cheftaile
17%
Aiguisés / LameCoupeur de Pluie
17%
Mort Grinçante
16%
Souffle Fumimortel
16%
Sous-Cheftaile
15%
Globegobeur
14%
Krachfeu
14%
Essaim Nocturne
12%
Rapidopiège
12%
Rikaneur
12%
Sablokor
12%
Krokpiq
7%
Terreur Feu
7%
Fouettedard
6%
Crêtepik
5%
Étrigore Carmin
5%
Flairbosse
5%
Grappausol
5%
Griffe de Tonnerre
5%
Grognevent
5%
Kraktopelle
5%
Sliquifieur
4%
Frappovent
2%

Distribution des résultats

Percentile par nombre de réponses

% des personnes avec chaque résultat

Votre développement - résultats

Vous n’avez pas pris ce quiz